Statistics for Most selled games

Click here to take the quiz!

General Stats

  • This quiz has been taken 16 times
  • The average score is 4 of 15

Answer Stats

SelledAnswer% Correct
240.000.000Minecraft
100%
130.000.000Gta 5
69%
48.280.000Super Mario Bros
63%
100.000.000Tetris
50%
37.240.000Mario Kart
38%
47.520.000Pokemon
31%
82.880.000Wii Sports
31%
31.000.000Red Dead Redemption 2
25%
30.300.000Terraria
13%
43.800.000Wii Fit
6%
33.120.000Wii Sports resort
6%
33.200.000Mario Kart deluxe
0%
30.800.000New Super Mario Bros
0%
60.000.000Playerunknown’s Battleground
0%
30.000.000The Elder Scrolls V
0%

Score Distribution

Percentile by Number Answered

Percent of People with Each Score

Your Score History

You have not taken this quiz